Ako budovať F & B zázemie

F & B zázemie v podniku. Postavenie F & B manažéra v gastroprevádzke. Jasné pravidlá ako základ oddelenia F & B. Koncept, legislatíva a predpisy. Kuchári verzus obsluha. Dodávatelia a klienti. Sťažnosti klientov.

Salvato in:
Dettagli Bibliografici
Autore principale: Pupišová, Iveta
Natura: Capitolo di libro
Lingua:slovacco
Soggetti:
Tags: Aggiungi Tag
Nessun Tag, puoi essere il primo ad aggiungerne!!

MARC

LEADER 00000naa a2200000 4500
001 0272700
005 20210324160945.3
041 0 |a slo 
044 |a SK 
245 1 0 |a Ako budovať F & B zázemie  |c Iveta Pupišová 
520 |a F & B zázemie v podniku. Postavenie F & B manažéra v gastroprevádzke. Jasné pravidlá ako základ oddelenia F & B. Koncept, legislatíva a predpisy. Kuchári verzus obsluha. Dodávatelia a klienti. Sťažnosti klientov. 
610 2 0 |a gastronómia 
610 2 0 |a manažéri 
610 2 0 |a obsluha 
610 2 0 |a klienti 
100 1 |a Pupišová, Iveta